Co możemy powiedzieć zamiast „do widzenia”? - Statystyki

Ogólne statystyki
  • Ten quiz został rozwiązany 54 razy
  • Średni wynik to 3 z 7
Statystyki odpowiedzi
Odpowiedź % Poprawnych
Do zobaczenia
79%
Pa
77%
Żegnaj
44%
Siema
42%
Bywaj
16%
Adios
12%
Papatki
7%
Nie znaleziono quizów pasujących do podanych kryteriów
Rozkład punktacji
Procent ludzi z każdym wynikiem
Percentyl według liczby udzielonych odpowiedzi
Twoja historia wyników
Nie rozwiązałeś tego quizu